000 00944cam a2200253a 44500
003 OSt
005 20150408113847.0
008 980312s1979 le g 00010dara d
040 _amu
_bara
_cmb
041 _aعربي
043 _aa-sy---
072 _a112
_xسورية
082 0 4 _a956.531
_221
_bع ع ت
100 1 _aابن عساكر، علي بن الحسن بن هبة الله،
_d499-571 هـ.
_9246
245 1 0 _a تاريخ دمشق الكبير /
_cعلي بن الحسن بن هبة الله بن عساكر ؛ تحقيق علي عاشور الجنوبي.
250 _aط. 1.
260 _aبيروت
_bدار احياء التراث العربي
_c2001
300 _a39 مج. ؛
_c24 سم.
650 _aالتراجم
_2aucsh. 7
651 _aدمشق (سوريا)
_vتراجم
_2aucsh.0
_91049
700 _aالجنوبي ، علي عاشور
_eمحقق
_91050
740 _aتاريخ دمشق الكبير.
942 _2ddc
_cREF
999 _c9940
_d244440